000 00520nam a2200181 i 4500
001 142585
003 ES-MaACL
005 20231125063006.0
007 t|
008 071008s1926 sp |||| | spa d
080 _a821.134.2-32"19"
100 1 _aVillalta, Miguel,
_d1838-1907
_9114984
245 1 0 _aRapsodias vulgares
_b: ensayos /
_cM. Villalta.
260 _aMadrid :
_b[s.n.,
_c1926] (
_fImpr. Caro Raggio)
300 _a198 p. ;
_c19 cm.
852 _aES-MaACL
_jF-681
999 _c142585
_d142585